00735 2200277 4500001002100000005001700021008004100038020001800079035002400097082001300121090002000134100002400154245004800178250001600226260003400242300003000276500002700306500001100333650003600344850001500380980001100395985000600406999001500412999001500427999001500442YOGYA-0209000000463120090227020729.0 ind  a979-533-013-6 0010-020900000004631 a001.6424 a001.6424bRud B aRUDYANTO, Stephanus aBetrieve & turbo pascalcStephanus Rudyanto aEd.1, cet.1 aYogyakartabAndi Offsetc1991 aviii,451 hlmbilusc23 cm aBibliografi : hlm. 445 aIndeks aTurbo pascal (Program komputer) aYOPDYOG(B) a050205 a3 a93P0034092 a93P0034093 a94P0049298